Choral Connections (Record no. 21952)

MARC details
000 -LEADER
fixed length control field 00688nam a22002177a 4500
003 - CONTROL NUMBER IDENTIFIER
control field OSt
005 - DATE AND TIME OF LATEST TRANSACTION
control field 20260512111553.0
008 - FIXED-LENGTH DATA ELEMENTS--GENERAL INFORMATION
fixed length control field 260512b |||||||| |||| 00| 0 eng d
020 ## - INTERNATIONAL STANDARD BOOK NUMBER
International Standard Book Number 0-02-655609-X
040 ## - CATALOGING SOURCE
Transcribing agency Chuka University Library
050 ## - LIBRARY OF CONGRESS CALL NUMBER
Classification number MT 875
Item number .C467 1999 C.1
100 ## - MAIN ENTRY--PERSONAL NAME
Personal name Tower G. Mollie
9 (RLIN) 24231
245 ## - TITLE STATEMENT
Title Choral Connections
Remainder of title Treble Voices
250 ## - EDITION STATEMENT
Edition statement Second
260 ## - PUBLICATION, DISTRIBUTION, ETC.
Place of publication, distribution, etc. New York Carlifornia Ohio Illinois
Name of publisher, distributor, etc. Glencoe McGraw-Hill
Date of publication, distribution, etc. 1988
300 ## - PHYSICAL DESCRIPTION
Extent 252
Other physical details Illustrations
650 ## - SUBJECT ADDED ENTRY--TOPICAL TERM
Topical term or geographic name entry element Choral Singing Instruction and study
9 (RLIN) 24232
650 ## - SUBJECT ADDED ENTRY--TOPICAL TERM
Topical term or geographic name entry element Choruses (Treble Voices)
9 (RLIN) 24233
700 ## - ADDED ENTRY--PERSONAL NAME
Personal name Susan Synder (Consulting Author)
9 (RLIN) 24234
942 ## - ADDED ENTRY ELEMENTS (KOHA)
Source of classification or shelving scheme Library of Congress Classification
Koha item type Long Loan Books
Edition Second
Suppress in OPAC No
Holdings
Withdrawn status Lost status Source of classification or shelving scheme Damaged status Not for loan Collection Home library Current library Shelving location Date acquired Total Checkouts Full call number Barcode Date last seen Copy number Cost, replacement price Price effective from Koha item type
    Library of Congress Classification     General Collection Books Main Campus Library Main Campus Library General Stacks 12/05/2026   MT 875 .C467 1999 31552/2026 12/05/2026 C.1 5242.56 12/05/2026 Long Loan Books
    Library of Congress Classification     General Collection Books Main Campus Library Main Campus Library General Stacks 13/05/2026   MT 875 .C467 1999 31554/2026 13/05/2026 C.12 5242.56 13/05/2026 Long Loan Books
    Library of Congress Classification     General Collection Books Main Campus Library Main Campus Library General Stacks 13/05/2026   MT 875 .C467 1999 31551/2026 13/05/2026 C.3 5242.56 13/05/2026 Long Loan Books
    Library of Congress Classification     General Collection Books Main Campus Library Main Campus Library General Stacks 13/05/2026   MT 875 .C467 1999 31556/2026 13/05/2026 C.10 5242.56 13/05/2026 Long Loan Books
    Library of Congress Classification     General Collection Books Main Campus Library Main Campus Library General Stacks 13/05/2026   MT 875 .C467 1999 31558/2026 13/05/2026 C.11 5242.56 13/05/2026 Long Loan Books
    Library of Congress Classification     General Collection Books Main Campus Library Main Campus Library General Stacks 13/05/2026   MT 875 .C467 1999 31557/2026 13/05/2026 C.2 5242.56 13/05/2026 Long Loan Books
    Library of Congress Classification     General Collection Books Main Campus Library Main Campus Library General Stacks 13/05/2026   MT 875 .C467 1999 31559/2026 13/05/2026 C.8 5242.56 13/05/2026 Long Loan Books
    Library of Congress Classification     General Collection Books Main Campus Library Main Campus Library General Stacks 13/05/2026   MT 875 .C467 1999 31555/2026 13/05/2026 C.7 5242.56 13/05/2026 Long Loan Books
    Library of Congress Classification     General Collection Books Main Campus Library Main Campus Library General Stacks 13/05/2026   MT 875 .C467 1999 31553/2026 13/05/2026 C.4 5242.56 13/05/2026 Long Loan Books

Powered by Koha